000 01233naa a22003257a 4500
001 BR6009957
003 BR-BrBNA
005 20240918173129.0
007 ta
008 230509b bl.||||| |||| 00| 0 por d
040 _aBR-BrBNA
_bpor
_cBiblioteca Nacional de Agricultura
041 _a(Pt)
072 _aL74
_b5212
_b5214
_b1910
090 _aL74 BR6009957
100 1 _aRehaag, H.
111 1 _a2. Congresso Brasileiro de Veterinaria
_cBelo Horizonte, MG (Brazil)
_d7 Sep 1943
245 1 _aPrejuizos causados pela desmineralizacao continua dos pastos [Deficiencia metabolica; Deficiencia mineral; Bovino; Bos taurus; Gado leiteiro; Pastagem]
260 3 _aRio de Janeiro, GB (Brasil):
_c[nd].
500 _aAnais do 2. Congresso Brasileiro de Veterinaria Rio de Janeiro, GB (Brasil): [nd]. p. 493-502 (BR6009957-AM)L74
650 _aDisturbio animal
650 _aBovino
650 _aGado leiteiro
650 _aPastagem
650 _aDeficiencia metabolica
650 _aDeficiencia mineral
650 _aCrescimento
773 0 _tAnais do 2. Congresso Brasileiro de Veterinaria
_wL74 BR6009957
_gRio de Janeiro, GB (Brasil), [nd]. p. 493-502
909 _a202404
_bLucia
_c55
_dLucia Elande
942 _cAM
_2AGRIS
999 _c303038
_d303038